O doutor Ludovico (Registo nº 4355)

Detalhes MARC
000 -Etiqueta do registo
Cabeçalho 00752nam0a2200253 4500
005 - Identificador da versão
Campo de controlo 20240813122059.0
095 ## -
-- PTBN00040636
021 ## - Número do Depósito Legal
Código do país PT
Número 15213/87
100 ## - Dados gerais de processamento
Dados gerais de processamento 20170203d1987 a y0pory5003 ba
102 ## - Pais de publicação ou produção
País de publicação Portugal
101 1# - Língua de publicação
Língua do texto, banda sonora, etc. Português
Língua do documento no original Inglês
215 ## - Descrição física 
Indicação específica da natureza do documento e extensão da espécie [26] p.
Outras indicações físicas il. color
200 1# - Titulo e menção de responsabilidade
Título próprio O doutor Ludovico
Primeira menção de responsabilidade Walt Disney
Outras menções de responsabilidade adaptação à língua portuguesa por Isabel Patricia
225 1# - Colecção 
Título próprio da colecção Ofícios Disney
Indicação de volume 4
210 ## - Publicação, Distribuição, etc. 
Lugar da edição, distribuição, etc. Porto
Nome do editor, distribuidor, etc. Edinter
Data da publicação, distribuição, etc. 1987
606 ## - Nome comum usado como assunto
Número de registo de entrada de autoridade 0001524
Palavra de ordem Literatura americana
Subdivisão de assunto Conto
Código do sistema CA
675 ## - Classificação Decimal Universal (CDU)
Notação 821.111(73)-34
Edição 3ª ed.
Língua da edição por
702 #1 - Nome de autor-pessoa física (responsabilidade secundária)
Número de registo de entrada de autoridade 0000214
Palavra de ordem Disney
Outra parte do nome não tomada para palavra de ordem Walt
Datas 1901-1966
Código de função Antecedente bibliográfico
Número de registo de entrada de autoridade 0001141
Palavra de ordem Patricia
Outra parte do nome não tomada para palavra de ordem Isabel
Código de função Adaptador
966 ## - Identificação da Biblioteca
Sigla EBVEN
942 ## - Elementos de entrada adicionados (Koha)
Tipo de item no Koha Livro
Exemplares
Situação do levantamento Origin of item (home branch) (coded) Biblioteca de empréstimo Código de barras Cota Circulation type (not for loan) Tipo de documento Nota do exemplar Damaged status
  Biblioteca Escolar das Vendas Biblioteca Escolar das Vendas BEV67 8EST DIS   Livro Sem mensagem